Catálogo
 En Linea

Bibliographie zu politik und gesellschaft der Dominikanischen Republik : (Registro nro. 35982)

Detalles MARC
000 -CABECERA
campo de control de longitud fija 00845nam a2200265 i 4500
001 - NÚMERO DE CONTROL
campo de control 000036491
003 - IDENTIFICADOR DEL NÚMERO DE CONTROL
campo de control DO-SdBNP
005 - FECHA Y HORA DE LA ÚLTIMA TRANSACCIÓN
campo de control 20240712091023.0
007 - CAMPO FIJO DE DESCRIPCIÓN FÍSICA--INFORMACIÓN GENERAL
campo de control de longitud fija ta
008 - DATOS DE LONGITUD FIJA--INFORMACIÓN GENERAL
campo de control de longitud fija 120118s1973 dr 000 0 spa d
020 ## - NÚMERO INTERNACIONAL ESTÁNDAR DEL LIBRO
Número Internacional Estándar del Libro 3803900751
040 ## - FUENTE DE LA CATALOGACIÓN
Centro catalogador/agencia de origen DO-SdBNP
Lengua de catalogación spa
Centro/agencia transcriptor BNPHU
Normas de descripción rda
082 #4 - NÚMERO DE LA CLASIFICACIÓN DECIMAL DEWEY
Número de edición 22
100 1# - ENTRADA PRINCIPAL--NOMBRE DE PERSONA
Nombre de persona Grabendorff, Wolf,
Fechas asociadas al nombre 1940-
9 (RLIN) 62728
Término indicativo de función/relación autor
245 10 - MENCIÓN DE TÍTULO
Título Bibliographie zu politik und gesellschaft der Dominikanischen Republik :
Resto del título Neuere Studien 1961-1971 /
Mención de responsabilidad, etc. Wolf Grabendorff
264 ## - PRODUCCIÓN, PUBLICACIÓN, DISTRIBUCIÓN, FABRICACIÓN Y COPYRIGHT
Producción, publicación, distribución, fabricación y copyright München :
Nombre del de productor, editor, distribuidor, fabricante Weltforum Verlag,
Fecha de producción, publicación, distribución, fabricación o copyright 1973.
300 ## - DESCRIPCIÓN FÍSICA
Extensión 103 páginas ;
Dimensiones 25 cm.
336 ## - TIPO DE CONTENIDO
Fuente rdacontent
Término de tipo de contenido texto
Código de tipo de contenido txt
337 ## - TIPO DE MEDIO
Fuente rdamedia
Nombre/término del tipo de medio sin mediación
Código del tipo de medio n
338 ## - TIPO DE SOPORTE
Fuente rdacarrier
Nombre/término del tipo de soporte volumen
Código del tipo de soporte nc
490 ## - MENCIÓN DE SERIE
Mención de serie Materialien zu Enterwicklung und Politik
Designación de volumen o secuencia 3
500 ## - NOTA GENERAL
Nota general Incluye índice
590 ## - NOTA LOCAL (RLIN)
Nota local Inventariado, 2024/BT
942 ## - ELEMENTOS DE PUNTO DE ACCESO ADICIONAL (KOHA)
Fuente del sistema de clasificación o colocación Dewey Decimal Classification
Tipo de ítem Koha Libro
Existencias
Estado de retiro Estado de pérdida Fuente del sistema de clasificación o colocación Restricciones de uso No para préstamo Código de colección Localización permanente Ubicación/localización actual Ubicación en estantería Fecha de adquisición Total de préstamos Signatura topográfica completa Código de barras Fecha visto por última vez Precio válido a partir de Tipo de ítem Koha Fuente de adquisición Número de copia
    Dewey Decimal Classification Préstamo en sala   General Biblioteca Nacional Pedro Henríquez Ureña Biblioteca Nacional Pedro Henríquez Ureña En catalogación 18.01.2012   BNPHU GR 36492-10 25.06.2020 25.06.2020 Libro    
    Dewey Decimal Classification Préstamo en sala   General Biblioteca Nacional Pedro Henríquez Ureña Biblioteca Nacional Pedro Henríquez Ureña En catalogación 12.07.2024   BNPHU GR 2024-4368 12.07.2024 12.07.2024 Libro Donado por Emilio Cordero Michel e.2

Con tecnología Koha